Die Deutsche Universitätszeitung Hochschul-Dienst /

Guardado en:
Bibliografiske detaljer
Format: Bog
Sprog:German
Udgivet: Bonn, Alemania : Josef Raabe, 1971-1972
Tags: Tilføj Tag
Ingen Tags, Vær først til at tagge denne postø!

MARC

LEADER 00000nam^a2200000^a^4500
001 000561066
005 20250526000000.0
009 20260310131916.135
037 |a Acervo ITESO - Biblioteca 
041 |a ALE 
091 |a FHA. 02818 
245 0 4 |a Die Deutsche Universitätszeitung Hochschul-Dienst / 
264 1 |a Bonn, Alemania :  |b Josef Raabe,  |c 1971-1972 
300 |a 9 v. (varias paginaciones) ;  |c 29.5 cm. 
336 |a texto  |b txt  |2 rdacontenido 
337 |a sin mediación  |b n  |2 rdamedio 
338 |a volumen  |b nc  |2 rdasoporte 
515 |a Inventario familia Hartung: 1446-1453, 1514 
649 |a XX 
910 |a Fondo Horst Hartung Franz 
920 |a Impresos - Libros 
930 |a Libros Antiguos y Raros 
905 |a 135 
901 |a 0500335320  |b IT2  |c LRA  |i D  |u 20250526 
901 |a 0500335319  |b IT2  |c LRA  |u 20250526 
901 |a 0500335334  |b IT2  |c LRA  |i D  |u 20250526 
901 |a 0500335332  |b IT2  |c LRA  |i D  |u 20250526 
901 |a 0500335330  |b IT2  |c LRA  |i D  |u 20250526 
901 |a 0500335333  |b IT2  |c LRA  |i D  |u 20250526 
901 |a 0500335336  |b IT2  |c LRA  |i D  |u 20250526 
901 |a 0500335331  |b IT2  |c LRA  |i D  |u 20250526 
901 |a 0500335213  |b IT2  |c LRA  |i D  |u 20250526 
902 |a https://opac.biblio.iteso.mx/vufind/Record/000561066